| 000 | 02297nam a22002657a 4500 | ||
|---|---|---|---|
| 003 | DO-SdBNP | ||
| 005 | 20210721093117.0 | ||
| 008 | 210510b2019 dr.| 00| 0 spa d | ||
| 020 | _a9789945503593 | ||
| 040 |
_aBPMSU _bspa, _cBPMSU |
||
| 082 |
_aPR863.08 _bC764v 2019 _222 |
||
| 245 | 0 | 0 |
_aContra viento y marea : _bnarrativa de Puerto Rioco / _cSelección y notas de Ramón Luis Acevedo ; coordinación : Miguel Ángel Fornerín |
| 260 |
_aSanto Domingo : _bEditora Nacional, _c2019. |
||
| 300 |
_a360 p. , _c23 cm. |
||
| 490 | 0 |
_aHomenaje ; _aNarrativa |
|
| 500 | _3Incluyes datos biográficos del compilador en la solapa de la cubierta | ||
| 505 | 0 | _aPalabras preliminares / Eduardo Selman Hasbún -- Presentación / Ramón Luis Acevedo -- Manuel Alonso /El pájaro malo, Perico paciencia -- Alejandro Tapia Rivera Recuerdos de San Juan -- Póstumo envirginiado o historia de un hombre que se coló en el cuerpo de una mujer (Fragmento) -- Eugenio María de Hostos / La peregrinación de Bayoán -- El barco de papel -- Manuel Zeno Gandía / -- La charca (Fragmento) -- Miguel Meléndez Muñoz / La muerte del cabro Meneo -- Alfredo Collado Martell / El Mozambique embalsamado -- Antonio Oliver Frau / Amores de tierra adentro -- La simiente roja 1 -- Emilio S. Belaval / La viuda de manto prieto -- Leyenda -- Encargado Rodríguez Juliá / La renuncia del héroe Baltasar (Fragmento) -- Las chicas de las monjas -- Tomás López Ramírez / Banda de acero -- Jazmines y mezquindades -- Rosario Ferré / Cuando la mujeres quieren a los hombres -- Magali García Ramis / Una semana de siete días -- El maquinista del tren de la muerte -- Ana Lydia Vega / Encancaranublado -- Ajustes S. A. -- Edgardo Sanabria / El día que el hombre piso la luna -- Después del huracán -- Carmelo Rodríguez Torres / El sapo de oro -- La única cara del espejo -- Luis López Nieves / Mayra Santos -- Espejo con salmuera -- Marina y su olor -- Pedro Cabiya / Imperdonable injusticia -- Vestidas de novia. | |
| 590 | _aInventariado,2021/MC | ||
| 650 | 4 | _aNovela puertorriqueña | |
| 650 | 4 | _aLiteratura puertorriqueña | |
| 700 | 1 |
_aAcevedo, Ramón Luis _esel.y nots. |
|
| 700 | 1 |
_aFornerín, Miguel Ángel _ecoordinador |
|
| 910 | _aMcabrera /VMateo V | ||
| 942 |
_2ddc _cBK |
||
| 999 |
_c13466 _d13466 |
||